[Event "Canadian op 48th U2000"]
[Site "Toronto"]
[Date "2011.07.16"]
[Round "8"]
[White "O'Bumsawin, Nicholas"]
[Black "Strugach, Alex"]
[Result "0-1"]
[WhiteElo "1831"]
[BlackElo "1963"]
[PlyCount "39"]
[EventDate "2011.07.09"]
[EventType "swiss"]
[EventRounds "9"]
[EventCountry "CAN"]
[SourceTitle "EXT 2022"]
[Source "ChessBase"]
[SourceDate "2021.10.06"]
[SourceVersion "1"]
[SourceVersionDate "2021.10.06"]
[SourceQuality "1"]

1. e4 e5 2. Nf3 Nf6 3. Nxe5 d6 4. Nf3 Nxe4 5. Nc3 Nxc3 6. dxc3 Be7 7. Bf4 Nc6 8. Qd2 Be6 9. 0-0-0 a6 10. Ng5 Bxg5 11. Bxg5 f6 12. Re1 Qd7 13. Bc4 Ne5 14. Bxe6 Qxe6 15. f4 Qxa2 16. Qd3 0-0-0 17. Qf5+ Kb8 18. Bh4 Nc4 19. Kd1 Rhe8 20. Re4 0-1